| 000 | 01232nam a2200229Ia 4500 | ||
|---|---|---|---|
| 001 | L235-7980 | ||
| 003 | IT-CnALBA | ||
| 008 | 170116s9999||||xx |||||||||||||| ||und|| | ||
| 040 |
_aIT-CnALBA _cIT-CnALBA |
||
| 041 | _aINGLESE | ||
| 100 | _aILARDI MICHAEL | ||
| 245 | 0 | _aMORE MARY-MINDEDFAVORITE MARIAN FEASTS. | |
| 250 | _a1a ed. | ||
| 260 |
_aCINISELLO BALSAMO (MI) _bEDIZIONI PAOLINE _c1952 [1° Ed.:1952 - Ed.Ling.Originale: 1952] |
||
| 300 | _a175 p. (prefazione: 13) | ||
| 500 | _aPURIIFICAZIONE DELLA VERGINE. LA MADONNA DI LOURDES. ANNUNCIAZIONE. MADONNA DEL CAMMINO. MEDIATRICE. PERPETUO SOCCORSO. VISITAZIONE. CARMELO. ASSUNZIONE. FATIMA. NATIVITÀ DI MARIA. MADONNA DELLA NEVE. IMMACOLATA. NOME DI MARIA. I SETTE DOLORI DI MARIA. RO | ||
| 501 | _aSocietà San Paolo EM - Piazza San Paolo, 14 - 12051 ALBA (CN) (non commercial uses only) ® Copyright 2017 | ||
| 520 | _aPURIIFICAZIONE DELLA VERGINE. LA MADONNA DI LOURDES. ANNUNCIAZIONE. MADONNA DEL CAMMINO. MEDIATRICE. PERPETUO SOCCORSO. VISITAZIONE. CARMELO. ASSUNZIONE. FATIMA. NATIVITÀ DI MARIA. MADONNA DELLA NEVE. IMMACOLATA. NOME DI MARIA. I SETTE DOLORI DI MARIA. RO | ||
| 650 | _aMARIA SS. ANGELI SANTI DEMONI | ||
| 942 | _cBK | ||
| 957 | _71 | ||
| 999 |
_a8956 _bNO _g Copie: 1 _c267159 _d267159 |
||